Northrop Frye on Canada / (Record no. 22533)
[ view plain ]
| 000 -LEADER | |
|---|---|
| fixed length control field | 01306cam a22003735a 4500 |
| 001 - CONTROL NUMBER | |
| control field | 13638391 |
| 003 - CONTROL NUMBER IDENTIFIER | |
| control field | EG-ScBUE |
| 005 - DATE AND TIME OF LATEST TRANSACTION | |
| control field | 20211118125234.0 |
| 008 - FIXED-LENGTH DATA ELEMENTS--GENERAL INFORMATION | |
| fixed length control field | 040628s2003 onc f b 001 0 eng d |
| 020 ## - INTERNATIONAL STANDARD BOOK NUMBER | |
| International Standard Book Number | 0802037100 (acid-free paper) |
| 020 ## - INTERNATIONAL STANDARD BOOK NUMBER | |
| International Standard Book Number | 9780802037107 |
| 035 ## - SYSTEM CONTROL NUMBER | |
| System control number | (CStRLIN)CTYA6204296-B |
| 035 ## - SYSTEM CONTROL NUMBER | |
| System control number | (CtY)6204296 |
| 040 ## - CATALOGING SOURCE | |
| Original cataloging agency | BDS |
| Language of cataloging | eng |
| Description conventions | rda |
| Transcribing agency | BDS |
| Modifying agency | Uk |
| -- | CStRLIN |
| -- | CtY |
| -- | DLC |
| -- | EG-ScBUE |
| 043 ## - GEOGRAPHIC AREA CODE | |
| Geographic area code | n-cn--- |
| 082 04 - DEWEY DECIMAL CLASSIFICATION NUMBER | |
| Classification number | 810.9005 |
| Item number | FRY |
| Edition number | 22 |
| 100 1# - MAIN ENTRY--PERSONAL NAME | |
| Personal name | Frye, Northrop, |
| Relator term | author. |
| 9 (RLIN) | 39310 |
| 245 10 - TITLE STATEMENT | |
| Title | Northrop Frye on Canada / |
| Statement of responsibility, etc | edited by Jean O'Grady and David Staines. |
| 264 #1 - PUBLICATION, DISTRIBUTION, ETC. (IMPRINT) | |
| Place of publication, distribution, etc | Toronto : |
| Name of publisher, distributor, etc | University of Toronto Press, |
| Date of publication, distribution, etc | 2003. |
| 300 ## - PHYSICAL DESCRIPTION | |
| Extent | xlviii, 741 pages ; |
| Dimensions | 25 cm. |
| 336 ## - CONTENT TYPE | |
| Source | rdacontent |
| Content type term | text |
| Content type code | txt |
| 337 ## - MEDIA TYPE | |
| Source | rdamedia |
| Media type term | unmediated |
| Media type code | n |
| 338 ## - CARRIER TYPE | |
| Source | rdacarrier |
| Carrier type term | volume |
| Carrier type code | nc |
| 490 0# - SERIES STATEMENT | |
| Series statement | Collected works of Northrop Frye ; |
| Volume number/sequential designation | volume 12 |
| 504 ## - BIBLIOGRAPHY, ETC. NOTE | |
| Bibliography, etc | Includes bibliographical references and index. |
| 650 #7 - SUBJECT ADDED ENTRY--TOPICAL TERM | |
| Topical term or geographic name as entry element | Canadian literature |
| General subdivision | History and criticism. |
| Source of heading or term | BUEsh |
| 9 (RLIN) | 37176 |
| 651 #7 - SUBJECT ADDED ENTRY--GEOGRAPHIC NAME | |
| Geographic name | Canada |
| General subdivision | Intellectual life. |
| Source of heading or term | BUEsh |
| 651 #7 - SUBJECT ADDED ENTRY--GEOGRAPHIC NAME | |
| Geographic name | Canada |
| General subdivision | Civilization. |
| Source of heading or term | BUEsh |
| 653 ## - INDEX TERM--UNCONTROLLED | |
| Resource For college | Humanities: English |
| Arrived date list | October2016 |
| 655 ## - INDEX TERM--GENRE/FORM | |
| Form subdivision | Reading book |
| 9 (RLIN) | 34232 |
| 700 1# - ADDED ENTRY--PERSONAL NAME | |
| Personal name | Staines, David, |
| Dates associated with a name | 1946- |
| Relator term | editor. |
| 9 (RLIN) | 41500 |
| 700 1# - ADDED ENTRY--PERSONAL NAME | |
| Personal name | O'Grady, Jean, |
| Dates associated with a name | 1943- |
| Relator term | editor. |
| 9 (RLIN) | 41501 |
| 942 ## - ADDED ENTRY ELEMENTS (KOHA) | |
| Source of classification or shelving scheme | Dewey Decimal Classification |
| Koha item type | Book - Borrowing |
| Withdrawn status | Lost status | Source of classification or shelving scheme | Damaged status | Not for loan | Collection code | Home library | Current library | Shelving location | Date acquired | Source of acquisition | Cost, normal purchase price | Serial Enumeration / chronology | Total Checkouts | Full call number | Barcode | Date last seen | Cost, replacement price | Price effective from | Koha item type |
|---|---|---|---|---|---|---|---|---|---|---|---|---|---|---|---|---|---|---|---|
| Dewey Decimal Classification | Baccah | Central Library | Central Library | Second Floor | 12/10/2016 | Purchase | 1232.00 | 24096 | 810.9005 FRY | 000033990 | 15/07/2025 | 1540.00 | 12/10/2016 | Book - Borrowing |